Normal view
MARC view
- Rubio Oca, Julio,
Entry Nombre Personal
001 - NUMERO DE CONTROL
- campo de control: 37910
003 - IDENTIFICADOR DE NUMERO DE CONTROL
- campo de control: UPN
005 - FECHA Y HORA DE LA ÜLTIMA TRANSACCIÓN
- campo de control: 20210219194530.0
008 - DATOS DE LONGITUD FIJA
- campo de control de longitud fija: nabaccnnaabn|||||||||| b |nc|||||d
035 ## - NUMERO DE CONTROL
- Número de control: UPN11000010017
040 ## - FUENTE DE CATALOGACIÓN
- Lenguaje de catalogación: SPA
- Agencia de transcripción: UPN
100 1# - ENCABEZAMIENTO - NOMBRE PERSONAL
- Nombre personal: Rubio Oca, Julio,
- Fechas asociadas con el nombre: 1949-
670 ## - FUENTE EN LA QUE SE LOCALIZARON DATOS
- Cita de la fuente: LC/P
680 ## - NOTA PUBLICA DE ACCESO PÚBLICO
- Frase explicativa de la referencia: Nació en México D. F., estudió licenciatura, maestría y doctorado en Física en la Facultad de Ciencias de la Universidad Nacional Autónoma de México; posteriormente un posdoctorado en Oak Ridge National Laboratory en Tennessee Estados Unidos y un posdoctorado en Oklahoma State University, también en la unión americana.
902 ## - CATALOGADOR
- Catalogador: MITM/031115
